000 00822nam a2200229 a 4500
001 40844
003 BD-RjUL
005 20211209053303.0
008 750818s1964 enk 000 0 eng d
035 _aOCLC ocm01558289 from D961125M
_a(BD-RjUL)40959
040 _aTOL
_cTOL
_dUKM
_dEQO
_dBD-RjUL
_beng
041 _aeng
082 _214
_a320.954
_bSPP 1964
100 1 _aSpellman, John W.
_9125696
245 1 0 _aPolitical theory of ancient India :
_ba study of kingship from the earliest times to circa A. D. 300 /
_cby John W. Spellman.
260 _aOxford :
_bClarendon Press,
_c1964.
300 _axxiv, 288 p. :
_bill. ;
_c23 cm.
504 _aBibliography: p. [264]-274 - Includes index.
651 0 _aIndia
_xPolitics and government
_yTo 997.
_9125697
651 0 _aIndia
_xKings and rulers.
_9118491
942 _2ddc
_cBK
999 _c40844
_d40844